000 02400nam0a2200361 4500
001 RU\NLR\BIBL_A\012874760
005 20230327130415.0
010 _a978-5-7681-1570-8
_9200
021 _aRU
_bКН-П-22-040625
_9КН-П-22-3508
035 _a(NLR Aleph) 012874760
035 _a(RuMoRGB)011121330
090 _a12500807
_c12500807
100 _a20220825d2022 u y0rusy50 ca
101 0 _arus
102 _aRU
105 _aa j 000zy
181 0 _ai3
_baxxe
182 0 _an
200 1 _aПрактический курс программирования на языке C#
_eзадачник
_eдля студентов специальностей "Вычислительные машины, комплексы, системы и сети", и "Программная инженерия"
_fМ. В. Бобырь
_gМинобрнауки России, Юго-Западный государственный университет
203 _aТекст
_bвизуальный
_cнепосредственный
210 _aКурск
_cЮЗГУ
_d2022
215 _a110, [1] с.
_cтабл.
_d21
320 _aБиблиогр. в конце кн.(10 назв.)
330 _aСодержит материал, необходимый для формирования у студентов и аспирантов знаний основ консольного программирования на языке СN, необходимых для выполнения лабораторных и практических работ по дисциплинам Инженерная и компьютерная графика, Электроника, Интеллектуальные системы и Автоматизированные нечетко-логические системы в промышленности. Рассмотрены решения задач в консольном приложении на языке программирования CN
606 1 _aC#, язык программирования
_jЗадачники
_2nlr_sh1
_2nlr_sh2
_3RU\NLR\AUTH\661325801
675 _a004.42(075.8)
_v4
686 _a32.973я73
_2rubbks
686 1 _aЗ973.23-018.1я73-4
700 1 _aБобырь
_bМ. В.
_gМаксим Владимирович
942 _cBOOK
980 _aNB